| 000 | 00540nam a2200145Ia 4500 | ||
|---|---|---|---|
| 008 | 140724s9999 xx 000 0 und d | ||
| 050 |
_aTS 155 _b.F477 2012 |
||
| 100 | _aFiguracion, Francis Justine Villamor. | ||
| 245 |
_aComputerized sales monitoring for health counselors of We Care Inc. / _cFrancis Justine Villamor Figuracion. |
||
| 260 |
_aLas PiƱas, Philippines : _bSouthville International School and Colleges, _cc2012. |
||
| 300 |
_a41 p. : _bill. ; _c28 cm. |
||
| 521 | _aInformation Technology | ||
| 942 | _cTH | ||
| 999 |
_c228829 _d228829 |
||